[Event "ODJM B 2014"]
[Site "Magdeburg GER"]
[Date "2014.06.09"]
[Round "3"]
[White "Höglauer, Jenny"]
[Black "Norf, Lasse"]
[Result "1-0"]
[Termination "normal"]
[Board "32"]
[WhiteElo "1141"]
[BlackElo "923"]
[PlyCount "123"]
[WhiteFideId "12982598"]
[EventCountry "GER"]
[EventRounds "9"]
[EventType "swiss"]
[EventDate "2014.06.07"]

1. e4 e5 2. Nf3 Nc6 3. Bb5 d6 4. c3 Nf6 5. d3 Bg4 6. O-O Be7 7. Re1 a6 8. Ba4
b5 9. Bb3 O-O 10. Nbd2 b4 11. Nf1 Rb8 12. Ng3 Qd7 13. h3 Bh5 14. Nxh5 Nxh5 15.
Nh2 Nf6 16. Qf3 Rfe8 17. Ng4 Rb5 18. Nxf6+ Bxf6 19. Qg4 Qxg4 20. hxg4 Bh4 21.
g5 g6 22. g3 Bxg3 23. fxg3 Re7 24. Bc4 Rc5 25. cxb4 Nxb4 26. Re2 Nc6 27. Bxa6
Nd4 28. Rf2 d5 29. exd5 Rxd5 30. Be3 Ra5 31. Bc4 Nf5 32. Rf3 e4 33. dxe4 Rxe4
34. Bd2 Rc5 35. Bd3 Rg4 36. Bxf5 gxf5 37. Rc1 Rxc1+ 38. Bxc1 Kf8 39. Kf2 Rc4
40. Rc3 Rxc3 41. bxc3 Ke7 42. Ke3 Ke6 43. Kd4 f6 44. gxf6 Kxf6 45. a4 Kg6 46.
a5 Kh5 47. a6 Kg4 48. a7 Kxg3 49. a8=Q h5 50. Qd5 h4 51. Qxf5 Kg2 52. Qg4+ Kf2
53. Qxh4+ Ke2 54. Qg3 c5+ 55. Ke4 c4 56. Qe3+ Kf1 57. Kf4 Kg2 58. Qf3+ Kh2 59.
Qg4 Kh1 60. Kf3 Kh2 61. Bf4+ Kh1 62. Qg2# 1-0

[Event "ODJM B 2014"]
[Site "Magdeburg GER"]
[Date "2014.06.09"]
[Round "3"]
[White "Lohrmann, Linus"]
[Black "Maar, Felicitas"]
[Result "0-1"]
[Termination "normal"]
[Board "33"]
[WhiteElo "978"]
[BlackElo "1087"]
[PlyCount "100"]
[WhiteFideId "12982857"]
[BlackFideId "12952648"]
[EventCountry "GER"]
[EventRounds "9"]
[EventType "swiss"]
[EventDate "2014.06.07"]

1. e4 e5 2. Nf3 Nc6 3. d4 d6 4. Bg5 Be7 5. Bd2 exd4 6. Bf4 Bf6 7. Bb5 Bd7 8. c3
a6 9. Bxc6 Bxc6 10. Qd3 Qe7 11. Nbd2 O-O-O 12. cxd4 Bb5 13. Qc3 g5 14. a4 Bc6
15. Qe3 gxf4 16. Qxf4 Qe8 17. b3 Bg7 18. Ng5 Bd5 19. Ra3 Bxd4 20. O-O Be5 21.
Qf3 Be6 22. Nc4 Bxc4 23. bxc4 Bf6 24. Qh3+ Kb8 25. Nxh7 Qxe4 26. Ng5 Rxh3 27.
Nxe4 Rxa3 28. h3 Rxa4 29. Nd2 Bc3 30. Rc1 Bxd2 31. Rc2 Bg5 32. f3 Be3+ 33. Kh2
Rb4 34. Rc3 Bd4 35. Rc1 Rb2 36. Kg3 Nf6 37. c5 Rg8+ 38. Kf4 Nh5+ 39. Kf5 Ng3+
40. Kf4 Be5+ 41. Ke3 Re2+ 42. Kd3 dxc5 43. Rxc5 Rd8+ 44. Kc4 Rc2+ 45. Kb4 Rd4+
46. Kb3 Rxc5 47. Kb2 Rb4+ 48. Ka3 Rb1 49. Ka2 Rb2+ 50. Ka1 Ra5# 0-1

[Event "ODJM B 2014"]
[Site "Magdeburg GER"]
[Date "2014.06.09"]
[Round "3"]
[White "Schulze, Lukas"]
[Black "Fromm, Marius"]
[Result "0-1"]
[Termination "normal"]
[Board "34"]
[WhiteElo "1243"]
[BlackElo "899"]
[PlyCount "82"]
[WhiteFideId "12956856"]
[BlackFideId "12993190"]
[EventCountry "GER"]
[EventRounds "9"]
[EventType "swiss"]
[EventDate "2014.06.07"]

1. e4 e5 2. Nf3 Nc6 3. Bc4 Bc5 4. c3 Nf6 5. d4 exd4 6. cxd4 Bb4+ 7. Nc3 O-O 8.
O-O d6 9. Bg5 Bxc3 10. bxc3 Re8 11. Re1 Bg4 12. h3 Bxf3 13. Qxf3 h6 14. Bh4 Na5
15. Bb5 c6 16. Ba4 Nc4 17. d5 Rc8 18. Rab1 Nd2 19. Qg3 Nxb1 20. Rxb1 Rxe4 21.
Bc2 Re5 22. dxc6 bxc6 23. Qd3 g6 24. Bb3 Kg7 25. Qc4 Rc7 26. Ba4 Qe8 27. Qf4 g5
28. Bxg5 hxg5 29. Qg3 Rce7 30. h4 Re1+ 31. Rxe1 Rxe1+ 32. Kh2 Qe5 33. f4 Qxf4
34. hxg5 Rh1+ 35. Kxh1 Qxg3 36. gxf6+ Kxf6 37. Bxc6 Ke5 38. Bf3 Kf4 39. Kg1 Ke3
40. Kh1 Kf2 41. c4 Qh4# 0-1

[Event "ODJM B 2014"]
[Site "Magdeburg GER"]
[Date "2014.06.09"]
[Round "3"]
[White "Currenti, Alessandro"]
[Black "Zimmer, Claudius"]
[Result "0-1"]
[Termination "normal"]
[Board "35"]
[WhiteElo "903"]
[BlackElo "1081"]
[PlyCount "80"]
[WhiteFideId "12998907"]
[EventCountry "GER"]
[EventRounds "9"]
[EventType "swiss"]
[EventDate "2014.06.07"]

1. e4 e5 2. Nf3 Nc6 3. d4 exd4 4. Bc4 Bc5 5. c3 Nf6 6. e5 d5 7. Bb3 Ne4 8. cxd4
Bb6 9. Qc2 Nxd4 10. Nxd4 Bxd4 11. O-O Bxe5 12. Qc5 Nxc5 13. Bc2 O-O 14. Nc3
Bxc3 15. bxc3 d4 16. Rd1 Ne6 17. Bb2 c5 18. Re1 Qg5 19. Bc1 Qf6 20. Re4 b6 21.
Rg4 Nc7 22. Bg5 Qe5 23. Bf4 Qe7 24. Bg5 f6 25. Re4 Qd8 26. Bb3+ Kh8 27. Rae1
fxg5 28. Re7 Re8 29. R7e2 Rxe2 30. Rxe2 d3 31. Rd2 Be6 32. c4 b5 33. Bd1 Bxc4
34. Be2 dxe2 35. Rxd8+ Rxd8 36. h3 e1=Q+ 37. Kh2 Qxf2 38. a3 Qf4+ 39. g3 Qf2+
40. Kh1 Bd5# 0-1

[Event "ODJM B 2014"]
[Site "Magdeburg GER"]
[Date "2014.06.09"]
[Round "3"]
[White "Schott, Jan"]
[Black "Reyher, Bastian"]
[Result "1/2-1/2"]
[Termination "normal"]
[Board "36"]
[WhiteElo "855"]
[BlackElo "1059"]
[PlyCount "46"]
[BlackFideId "12927465"]
[EventCountry "GER"]
[EventRounds "9"]
[EventType "swiss"]
[EventDate "2014.06.07"]

1. e4 e5 2. Nf3 Nc6 3. Bc4 Bc5 4. c3 Nf6 5. d4 exd4 6. cxd4 Bb4+ 7. Nc3 Bxc3+
8. bxc3 Nxe4 9. Qc2 Nf6 10. O-O O-O 11. Re1 d5 12. Bb3 Qd6 13. Qd3 Be6 14. Bc2
Rae8 15. Ng5 Bf5 16. Qd2 Rxe1+ 17. Qxe1 Bxc2 18. a4 Re8 19. Qf1 h6 20. Ba3 Qf4
21. Bc1 Qg4 22. h3 Qd1 23. Qxd1 Bxd1 1/2-1/2

[Event "ODJM B 2014"]
[Site "Magdeburg GER"]
[Date "2014.06.09"]
[Round "3"]
[White "Friedrich, Laura"]
[Black "Schneider, Anna"]
[Result "1-0"]
[Termination "normal"]
[Board "37"]
[WhiteElo "1036"]
[BlackElo "734"]
[PlyCount "101"]
[WhiteFideId "12952249"]
[BlackFideId "16200527"]
[EventCountry "GER"]
[EventRounds "9"]
[EventType "swiss"]
[EventDate "2014.06.07"]

1. e4 e5 2. Nf3 Nc6 3. Nc3 Nf6 4. Bb5 a6 5. Bxc6 dxc6 6. O-O Bb4 7. Nxe5 Bxc3
8. dxc3 Qxd1 9. Rxd1 Nxe4 10. Re1 Nc5 11. Nxc6+ Ne6 12. Nd4 O-O 13. Re3 Re8 14.
Bd2 Bd7 15. Rg3 g6 16. h3 Nxd4 17. cxd4 Re7 18. Re3 Rae8 19. Rxe7 Rxe7 20. Re1
Rxe1+ 21. Bxe1 f5 22. f4 h6 23. Bh4 b6 24. Kf2 c5 25. d5 b5 26. c3 b4 27. c4 a5
28. b3 Bc8 29. Be7 Kf7 30. Bxc5 Ba6 31. Ke3 g5 32. fxg5 hxg5 33. Kd4 f4 34. Ke5
Bc8 35. a4 Bd7 36. Bb6 Bc8 37. Bxa5 Bxh3 38. gxh3 f3 39. Bb6 Kg6 40. Ke4 Kh5
41. Kxf3 Kh4 42. Ke4 Kxh3 43. Kf5 g4 44. Bf2 g3 45. Bxg3 Kxg3 46. d6 Kh4 47. d7
Kh5 48. d8=Q Kh6 49. Qg5+ Kh7 50. Kf6 Kh8 51. Qg7# 1-0

[Event "ODJM B 2014"]
[Site "Magdeburg GER"]
[Date "2014.06.09"]
[Round "3"]
[White "Rößl, Mira"]
[Black "Pahl, Erik"]
[Result "0-1"]
[Termination "normal"]
[Board "38"]
[WhiteElo "725"]
[BlackElo "1028"]
[PlyCount "86"]
[BlackFideId "16201272"]
[EventCountry "GER"]
[EventRounds "9"]
[EventType "swiss"]
[EventDate "2014.06.07"]

1. d4 Nf6 2. Nc3 g6 3. Bf4 Bg7 4. Nb5 d6 5. e3 O-O 6. Bc4 Nbd7 7. Nf3 a6 8. Nc3
c5 9. dxc5 Nxc5 10. Bg5 Nfe4 11. Nxe4 Nxe4 12. Qe2 Nxg5 13. Nxg5 Bxb2 14. Rb1
Bc3+ 15. Kf1 d5 16. Bb3 e6 17. Qf3 Qxg5 18. h4 Qf6 19. h5 Qxf3 20. gxf3 b5 21.
hxg6 fxg6 22. Ke2 a5 23. e4 a4 24. Kd3 Rxf3+ 25. Ke2 Rf8 26. Rh3 Bg7 27. exd5
axb3 28. cxb3 exd5 29. Rbh1 Bxh3 30. Rxh3 Rxa2+ 31. Kf1 Rfxf2+ 32. Ke1 Rh2 33.
Rxh2 Rxh2 34. Kd1 Bd4 35. Kc1 g5 36. Kd1 g4 37. Ke1 g3 38. Kd1 h5 39. Kc1 h4
40. Kb1 b4 41. Kc1 h3 42. Kd1 g2 43. Kc1 g1=R# 0-1

[Event "ODJM B 2014"]
[Site "Magdeburg GER"]
[Date "2014.06.10"]
[Round "5"]
[White "Henning, Marvin"]
[Black "Thumm, Niklas"]
[Result "1-0"]
[Termination "normal"]
[Board "1"]
[WhiteElo "1569"]
[BlackElo "1521"]
[WhiteClock "00:10:26"]
[BlackClock "00:06:18"]
[PlyCount "83"]
[WhiteFideId "12957399"]
[BlackFideId "12918733"]
[EventCountry "GER"]
[EventRounds "9"]
[EventType "swiss"]
[EventDate "2014.06.07"]

1. e4 e5 2. Nf3 Nc6 3. Bb5 a6 4. Ba4 d6 5. d4 b5 6. Bb3 Nxd4 7. Nxd4 exd4 8.
Bd5 Ra7 9. Bc6+ Bd7 10. Qxd4 Bxc6 11. Qxa7 Qc8 12. O-O Ne7 13. Re1 Bb7 14. Qe3
g6 15. Bd2 Bg7 16. Bc3 f6 17. Nd2 c5 18. Nf3 O-O 19. a3 Re8 20. Rad1 h5 21. Qf4
d5 22. Bxf6 Rf8 23. e5 d4 24. Ng5 Bh6 25. Qg3 Nf5 26. Qb3+ c4 27. Qh3 Qc6 28.
Ne4 Bc8 29. Qf3 Nh4 30. Qg3 Bg4 31. Qxh4 Bxd1 32. Rxd1 Kh7 33. Rxd4 b4 34. Qh3
Rf7 35. Qf3 Qb6 36. Rd6 Qb5 37. Rd8 Rf8 38. Rxf8 Bxf8 39. Ng5+ Kg8 40. Be7 Bg7
41. Qf7+ Kh8 42. Bf6 1-0

[Event "ODJM B 2014"]
[Site "Magdeburg GER"]
[Date "2014.06.10"]
[Round "5"]
[White "Schmidt, Alexandra"]
[Black "Glaser, Maximilian"]
[Result "1-0"]
[Termination "normal"]
[Board "2"]
[WhiteElo "1518"]
[BlackElo "1397"]
[WhiteClock "00:27:45"]
[BlackClock "00:49:44"]
[PlyCount "86"]
[WhiteFideId "12946036"]
[BlackFideId "12956961"]
[EventCountry "GER"]
[EventRounds "9"]
[EventType "swiss"]
[EventDate "2014.06.07"]

1. e4 d5 2. exd5 Qxd5 3. Nc3 Qa5 4. d4 Nf6 5. Bc4 Nc6 6. Nf3 Bg4 7. h3 Bh5 8.
g4 Bg6 9. Bd2 O-O-O 10. Nb5 Qb6 11. Be3 Nd5 12. Bxd5 Qxb5 13. Bb3 Na5 14. c3
Nxb3 15. Qxb3 Qxb3 16. axb3 Be4 17. Ke2 a6 18. Rhe1 f6 19. Nd2 Bg6 20. f4 h5
21. f5 Bf7 22. Rh1 e6 23. Rag1 hxg4 24. hxg4 Bd6 25. Nc4 Be7 26. Kf2 b6 27. Bf4
Kb7 28. Rxh8 Rxh8 29. Re1 Re8 30. fxe6 Bg6 31. Nd2 f5 32. gxf5 Bxf5 33. Nf3 Bf6
34. d5 Bc2 35. Nd2 g5 36. Bg3 Rf8 37. Kg2 Be7 38. Rf1 Bf5 39. Be5 Bh3+ 40. Kxh3
g4+ 41. Kxg4 Rg8+ 42. Kf3 Rg5 43. Ke4 Rg2 1-0

[Event "ODJM B 2014"]
[Site "Magdeburg GER"]
[Date "2014.06.10"]
[Round "5"]
[White "Meyer, Nico"]
[Black "Hofele, Mathis"]
[Result "1-0"]
[Termination "normal"]
[Board "3"]
[WhiteElo "1486"]
[BlackElo "1520"]
[WhiteClock "00:05:03"]
[BlackClock "00:33:33"]
[PlyCount "113"]
[WhiteFideId "12975257"]
[BlackFideId "12963844"]
[EventCountry "GER"]
[EventRounds "9"]
[EventType "swiss"]
[EventDate "2014.06.07"]

1. e4 e5 2. Nf3 Nc6 3. Bb5 a6 4. Bxc6 dxc6 5. O-O Bd6 6. d4 exd4 7. Qxd4 f6 8.
Re1 Be5 9. Qxd8+ Kxd8 10. Nxe5 fxe5 11. Bg5+ Nf6 12. Nd2 b6 13. Rad1 Re8 14.
Bh4 Bb7 15. Nc4+ Kc8 16. Rd3 a5 17. Rg3 Re7 18. Rd1 Kb8 19. Rf3 Ba6 20. Ne3 Be2
21. Bxf6 Bxd1 22. Bxe7 Bxf3 23. gxf3 Kb7 24. Bh4 b5 25. Ng4 Re8 26. Bg3 Rd8 27.
Bxe5 Rd1+ 28. Kg2 g6 29. Ne3 Ra1 30. a3 c5 31. Bf6 Kc6 32. e5 Kd7 33. Nd5 b4
34. axb4 cxb4 35. Nf4 a4 36. e6+ Ke8 37. Nd5 Re1 38. Nxc7+ Kf8 39. e7+ Rxe7 40.
Bxe7+ Kxe7 41. Nd5+ Kd6 42. Nxb4 Kc5 43. Nd3+ Kc4 44. Kg3 h6 45. Ne5+ Kb4 46.
Nxg6 a3 47. bxa3+ Kxa3 48. f4 Kb2 49. f5 Kxc2 50. f6 h5 51. f7 h4+ 52. Kxh4 Kd2
53. f8=Q Ke2 54. f4 Kf3 55. Qa3+ Kg2 56. Kg4 Kxh2 57. Qb2+ 1-0

[Event "ODJM B 2014"]
[Site "Magdeburg GER"]
[Date "2014.06.10"]
[Round "5"]
[White "Grund, Melanie"]
[Black "Silber, Kevin"]
[Result "1/2-1/2"]
[Termination "normal"]
[Board "4"]
[WhiteElo "1344"]
[BlackElo "1522"]
[WhiteClock "00:23:22"]
[BlackClock "00:59:28"]
[PlyCount "114"]
[WhiteFideId "12988804"]
[BlackFideId "12930440"]
[EventCountry "GER"]
[EventRounds "9"]
[EventType "swiss"]
[EventDate "2014.06.07"]

1. d4 d5 2. e3 c5 3. c3 e6 4. Bd3 Nf6 5. f4 Be7 6. Nd2 Nbd7 7. Ngf3 b6 8. Ne5
Bb7 9. O-O Qc7 10. b3 h6 11. Bb2 g5 12. Qc2 cxd4 13. exd4 gxf4 14. Ndf3 Nxe5
15. Nxe5 Bd6 16. c4 Bxe5 17. dxe5 Qc5+ 18. Kh1 dxc4 19. Qxc4 Qxc4 20. Bxc4 Nd5
21. Bxd5 exd5 22. Rxf4 Rg8 23. Bd4 Rc8 24. Raf1 Ba6 25. Re1 Rc2 26. Rf2 Rxf2
27. Bxf2 Kd7 28. Bg3 d4 29. Re4 d3 30. Rd4+ Ke6 31. Kg1 Rc8 32. Bf4 h5 33. g3
Rc2 34. a4 Ra2 35. h4 Ra3 36. g4 hxg4 37. h5 Rxb3 38. h6 d2 39. Rxd2 Rh3 40.
Rh2 Rxh2 41. Kxh2 Bd3 42. Kg3 Bf5 43. Kh4 a6 44. Be3 Kxe5 45. Bxb6 Kf4 46. a5
Bg6 47. Bd8 Kf3 48. Bc7 f5 49. Kg5 Bh7 50. Kf6 f4 51. Kg5 g3 52. Bxf4 g2 53.
Bh2 Kf2 54. Kf4 g1=Q 55. Bxg1+ Kxg1 56. Ke5 Kg2 57. Kd5 Kg3 1/2-1/2

[Event "ODJM B 2014"]
[Site "Magdeburg GER"]
[Date "2014.06.10"]
[Round "5"]
[White "Hagenbeck-Hübert, Lara"]
[Black "Adelmeyer, Matti"]
[Result "1-0"]
[Termination "normal"]
[Board "6"]
[WhiteElo "1443"]
[BlackElo "1316"]
[WhiteClock "00:20:45"]
[BlackClock "00:40:32"]
[PlyCount "111"]
[WhiteFideId "12964484"]
[BlackFideId "12962520"]
[EventCountry "GER"]
[EventRounds "9"]
[EventType "swiss"]
[EventDate "2014.06.07"]

1. d4 d5 2. Nf3 e6 3. e3 Nf6 4. Bd3 c5 5. c3 Nc6 6. Nbd2 Bd6 7. O-O O-O 8. dxc5
Bxc5 9. e4 Qc7 10. Qe2 e5 11. Nb3 Be7 12. exd5 Nxd5 13. Bxh7+ Kxh7 14. Qe4+ Kg8
15. Qxd5 Be6 16. Qe4 Rad8 17. Ng5 Bxg5 18. Bxg5 f6 19. Be3 Qf7 20. Qc2 a5 21.
h3 a4 22. Nc5 Bxa2 23. Qxa4 Bc4 24. Rfd1 Ra8 25. Qc2 b6 26. Qe4 Rxa1 27. Rxa1
Bd5 28. Qa4 bxc5 29. c4 Be4 30. f3 Bxf3 31. gxf3 Qg6+ 32. Kh2 Nd4 33. Bxd4 cxd4
34. c5 Rc8 35. Qc4+ Qf7 36. Qxf7+ Kxf7 37. b4 Ke6 38. Kg3 Rb8 39. Ra6+ Ke7 40.
Ra7+ Kf8 41. c6 d3 42. Rb7 Rc8 43. b5 Ke8 44. Kf2 d2 45. Ke2 Rd8 46. Kd1 g5 47.
c7 Rc8 48. Rb8 Kd7 49. Rxc8 Kxc8 50. b6 f5 51. Kxd2 Kb7 52. Ke3 Kc8 53. Kf2 Kb7
54. Kg3 Kc8 55. h4 gxh4+ 56. Kxh4 1-0

[Event "ODJM B 2014"]
[Site "Magdeburg GER"]
[Date "2014.06.10"]
[Round "5"]
[White "Tham, Minh"]
[Black "Trömer, Felix"]
[Result "1-0"]
[Termination "normal"]
[Board "7"]
[WhiteElo "1275"]
[BlackElo "1438"]
[PlyCount "93"]
[WhiteFideId "12997323"]
[BlackFideId "12992879"]
[EventCountry "GER"]
[EventRounds "9"]
[EventType "swiss"]
[EventDate "2014.06.07"]

1. e4 d5 2. e5 Bf5 3. d4 e6 4. Nc3 Nc6 5. Nf3 Bb4 6. Bd3 Nge7 7. O-O O-O 8. Ne2
Bxd3 9. Qxd3 Nf5 10. c3 Ba5 11. Ng3 Nce7 12. Bd2 Bb6 13. Kh1 Nxg3+ 14. fxg3 Nf5
15. g4 Ne7 16. Ng5 Ng6 17. Nh3 c5 18. Nf4 Nxf4 19. Bxf4 cxd4 20. cxd4 Rc8 21.
b3 Qd7 22. Bd2 Rc7 23. Rf3 Rfc8 24. Rh3 g6 25. Rg1 f5 26. exf6 Qf7 27. g5 e5
28. dxe5 Bxg1 29. Kxg1 Re8 30. Bc3 Rec8 31. Qd2 b5 32. Rf3 a5 33. Qe1 Rc6 34.
h3 Qa7+ 35. Kh2 Qc7 36. Bd2 b4 37. Bf4 Re6 38. Qe3 Qd7 39. Qf2 Rc3 40. Be3 Kf7
41. Rf4 Rec6 42. Bd4 Rc2 43. Qe3 Qe6 44. Ba1 Rxa2 45. Qa7+ Kf8 46. Qg7+ Ke8 47.
f7+ 1-0

[Event "ODJM B 2014"]
[Site "Magdeburg GER"]
[Date "2014.06.10"]
[Round "5"]
[White "Reyher, Susan"]
[Black "Giede, Anna-Blume"]
[Result "1-0"]
[Termination "normal"]
[Board "8"]
[WhiteElo "1436"]
[BlackElo "1457"]
[PlyCount "77"]
[WhiteFideId "24686107"]
[BlackFideId "12921980"]
[EventCountry "GER"]
[EventRounds "9"]
[EventType "swiss"]
[EventDate "2014.06.07"]

1. e4 c6 2. d4 d5 3. Nc3 dxe4 4. Nxe4 Nd7 5. Nf3 Ngf6 6. Ng3 Nb6 7. c3 Bg4 8.
h3 Bh5 9. Nxh5 Nxh5 10. Ne5 Nf6 11. Bd3 e6 12. Bg5 Be7 13. O-O Nfd7 14. Bxe7
Qxe7 15. f4 O-O-O 16. a4 Nxe5 17. fxe5 Rdg8 18. a5 Nd5 19. Qa4 g5 20. a6 b5 21.
Bxb5 cxb5 22. Qxb5 g4 23. Qb7+ Qxb7 24. axb7+ Kxb7 25. Rxf7+ Nc7 26. h4 Rf8 27.
Raf1 Rxf7 28. Rxf7 h5 29. Kf2 Kb6 30. Rf6 Kc6 31. Ke2 Kd7 32. Rf7+ Kd8 33. Kd3
a6 34. c4 Kc8 35. Ke4 a5 36. d5 exd5+ 37. cxd5 Rd8 38. d6 Nb5 39. Kd5 1-0

[Event "ODJM B 2014"]
[Site "Magdeburg GER"]
[Date "2014.06.10"]
[Round "5"]
[White "Lange, Cecilia"]
[Black "Wu, Erik"]
[Result "1-0"]
[Termination "normal"]
[Board "9"]
[WhiteElo "1553"]
[BlackElo "1187"]
[PlyCount "87"]
[WhiteFideId "12976040"]
[BlackFideId "12977489"]
[EventCountry "GER"]
[EventRounds "9"]
[EventType "swiss"]
[EventDate "2014.06.07"]

1. e4 c5 2. Nf3 d6 3. d4 cxd4 4. Nxd4 Nf6 5. Nc3 Nc6 6. Be3 e6 7. f3 Be7 8. Qd2
Bd7 9. Bc4 O-O 10. O-O-O Rc8 11. g4 Nxd4 12. Qxd4 e5 13. Qd3 a6 14. h4 b5 15.
Bb3 Rb8 16. g5 Ne8 17. Nd5 Nc7 18. Nxe7+ Qxe7 19. Qxd6 Qxd6 20. Rxd6 Rfd8 21.
Rhd1 Rf8 22. Rxd7 Rbc8 23. Re7 Ne6 24. Rdd7 Rc6 25. h5 g6 26. hxg6 hxg6 27. Kd2
a5 28. Ke2 a4 29. Bxe6 Rxe6 30. Rxe6 fxe6 31. Rb7 Rc8 32. c3 a3 33. Rxb5 axb2
34. Rxb2 Rxc3 35. Kd2 Ra3 36. Ke2 Kf7 37. Rb7+ Kf8 38. Ra7 Rc3 39. a4 Ra3 40.
a5 Ke8 41. a6 Kf8 42. Ra8+ Kf7 43. a7 Ke7 44. Rh8 1-0

[Event "ODJM B 2014"]
[Site "Magdeburg GER"]
[Date "2014.06.10"]
[Round "5"]
[White "Wiemann, Daniel"]
[Black "Rose, Luis Stratos"]
[Result "1-0"]
[Termination "normal"]
[Board "10"]
[WhiteElo "1393"]
[BlackElo "1392"]
[PlyCount "53"]
[WhiteFideId "12942944"]
[BlackFideId "12976008"]
[EventCountry "GER"]
[EventRounds "9"]
[EventType "swiss"]
[EventDate "2014.06.07"]

1. e4 g6 2. d4 Bg7 3. Nc3 d6 4. Be3 Nf6 5. f3 O-O 6. Qd2 Nbd7 7. O-O-O Qe8 8.
h4 c6 9. h5 b5 10. Kb1 a5 11. g4 Nb8 12. Nce2 Nfd7 13. Bh6 f6 14. Bxg7 Kxg7 15.
f4 e5 16. Ng3 Nb6 17. Be2 Nc4 18. Qc1 a4 19. hxg6 Qxg6 20. f5 Qg5 21. Qxg5+
fxg5 22. Nh5+ Kg8 23. Nf3 h6 24. Bxc4+ bxc4 25. dxe5 dxe5 26. Nxe5 Ra5 27. Ng6
1-0

[Event "ODJM B 2014"]
[Site "Magdeburg GER"]
[Date "2014.06.10"]
[Round "5"]
[White "Biermann, Florian"]
[Black "Lommel, Hagen"]
[Result "1-0"]
[Termination "normal"]
[Board "11"]
[WhiteElo "1725"]
[BlackElo "1209"]
[PlyCount "95"]
[WhiteFideId "12970069"]
[BlackFideId "12972380"]
[EventCountry "GER"]
[EventRounds "9"]
[EventType "swiss"]
[EventDate "2014.06.07"]

1. c4 e5 2. Nc3 Nf6 3. g3 Nc6 4. Bg2 g6 5. d3 Bg7 6. Nf3 d6 7. O-O O-O 8. Bg5
h6 9. Bd2 Be6 10. Qc1 Kh7 11. a4 Qd7 12. a5 a6 13. Na4 Rfe8 14. c5 d5 15. Be3
d4 16. Bd2 e4 17. dxe4 Nxe4 18. Rd1 Bb3 19. Re1 Nxd2 20. Qxd2 Rad8 21. Ra3 Bc4
22. b4 Bb5 23. Nb2 Ne5 24. Nxe5 Bxe5 25. Bxb7 c6 26. Bxa6 Bxa6 27. Na4 Qf5 28.
Rf3 Qe6 29. h4 Bg7 30. Kg2 Bc4 31. Nb6 Bd5 32. Nxd5 Qxd5 33. Qf4 Rd7 34. Qc1
Rde7 35. Qc2 Kh8 36. Kh2 Qh5 37. Qa4 Rxe2 38. Rxe2 Rxe2 39. Qxc6 g5 40. Qc8+
Kh7 41. Qf5+ Kh8 42. a6 Be5 43. Kg2 Bg7 44. a7 Re8 45. c6 f6 46. c7 Qf7 47.
c8=Q Rxc8 48. Qxc8+ 1-0

[Event "ODJM B 2014"]
[Site "Magdeburg GER"]
[Date "2014.06.10"]
[Round "5"]
[White "Bethke, Robert"]
[Black "Kleine, Jakob"]
[Result "1-0"]
[Termination "normal"]
[Board "14"]
[WhiteElo "1545"]
[BlackElo "1198"]
[PlyCount "97"]
[WhiteFideId "12959251"]
[BlackFideId "12979821"]
[EventCountry "GER"]
[EventRounds "9"]
[EventType "swiss"]
[EventDate "2014.06.07"]

1. c4 e5 2. Nc3 Nf6 3. Nf3 Nc6 4. d3 Bc5 5. g3 d6 6. Bg2 O-O 7. O-O Be6 8. a3
a5 9. Bg5 h6 10. Bxf6 Qxf6 11. Ne4 Qe7 12. Nxc5 dxc5 13. Rb1 Rfd8 14. Qb3 b6
15. Qc3 Nd4 16. Rfe1 Bg4 17. Nxd4 exd4 18. Qd2 Rab8 19. Qf4 Bh5 20. e3 Qd6 21.
Bd5 Qxf4 22. exf4 Bg6 23. Be4 Bxe4 24. Rxe4 Re8 25. Rbe1 Kf8 26. Kg2 Rxe4 27.
Rxe4 c6 28. Re2 Re8 29. Rxe8+ Kxe8 30. a4 Kd7 31. Kf3 f5 32. h3 h5 33. g4 fxg4+
34. hxg4 g6 35. Kg3 Ke6 36. f3 Kf7 37. Kh4 b5 38. b3 bxc4 39. bxc4 Kf6 40. Kg3
Kf7 41. f5 h4+ 42. Kxh4 gxf5 43. gxf5 Kf6 44. Kg4 Kf7 45. Kg5 Kg7 46. f6+ Kf7
47. Kf5 Kf8 48. Ke6 Ke8 49. f7+ 1-0

[Event "ODJM B 2014"]
[Site "Magdeburg GER"]
[Date "2014.06.10"]
[Round "5"]
[White "Manco, Michela"]
[Black "Breß, Aaron"]
[Result "1/2-1/2"]
[Termination "normal"]
[Board "15"]
[WhiteElo "1541"]
[BlackElo "1364"]
[PlyCount "62"]
[WhiteFideId "12943908"]
[BlackFideId "12996432"]
[EventCountry "GER"]
[EventRounds "9"]
[EventType "swiss"]
[EventDate "2014.06.07"]

1. e4 c6 2. d4 d5 3. exd5 cxd5 4. Nf3 Bf5 5. Bd3 Bxd3 6. Qxd3 Nf6 7. Bf4 Nbd7
8. Nbd2 e6 9. c3 Be7 10. O-O O-O 11. Rfe1 Re8 12. Nf1 Nf8 13. Ne5 Ng6 14. Nxg6
hxg6 15. Ng3 Nh5 16. Bd2 Bd6 17. Nxh5 gxh5 18. Re3 Bf4 19. Rh3 Bxd2 20. Qxd2 g6
21. Qh6 Qf6 22. Rxh5 Qg7 23. Qxg7+ Kxg7 24. Rh3 Re7 25. Re1 b5 26. Rhe3 a5 27.
Re5 Rb7 28. Rc1 Rc8 29. Ree1 Rbc7 30. a3 b4 31. axb4 axb4 1/2-1/2

[Event "ODJM B 2014"]
[Site "Magdeburg GER"]
[Date "2014.06.10"]
[Round "5"]
[White "Müdder, Melanie"]
[Black "Bajorski, Marius"]
[Result "1/2-1/2"]
[Termination "normal"]
[Board "16"]
[WhiteElo "1098"]
[BlackElo "1807"]
[PlyCount "41"]
[WhiteFideId "12994103"]
[BlackFideId "12938831"]
[EventCountry "GER"]
[EventRounds "9"]
[EventType "swiss"]
[EventDate "2014.06.07"]

1. e4 e5 2. Nf3 Nc6 3. Bc4 Nf6 4. d4 exd4 5. O-O Nxe4 6. Re1 d5 7. Bxd5 Qxd5 8.
Nc3 Qh5 9. Nxe4 Be7 10. Bg5 Be6 11. Nxd4 Qxd1 12. Raxd1 Nxd4 13. Rxd4 Rd8 14.
Rxd8+ Bxd8 15. Bxd8 Kxd8 16. Nc5 Bc8 17. Kf1 b6 18. Rd1+ Ke7 19. Ne4 Ba6+ 20.
Kg1 h6 21. Nc3 1/2-1/2

[Event "ODJM B 2014"]
[Site "Magdeburg GER"]
[Date "2014.06.10"]
[Round "5"]
[White "Kornitzky, Tino"]
[Black "Scherping, Stephan"]
[Result "1-0"]
[Termination "normal"]
[Board "17"]
[WhiteElo "1386"]
[BlackElo "1094"]
[PlyCount "63"]
[WhiteFideId "12970379"]
[EventCountry "GER"]
[EventRounds "9"]
[EventType "swiss"]
[EventDate "2014.06.07"]

1. d4 d5 2. c4 e6 3. cxd5 exd5 4. Nc3 Nf6 5. Bf4 Bf5 6. Qb3 b6 7. e3 Be7 8.
Bb5+ c6 9. Bxb8 cxb5 10. Bf4 a6 11. Nf3 Bd3 12. Nxd5 Bc4 13. Nxf6+ Bxf6 14. Qc3
Rc8 15. Qd2 Bd5 16. Qe2 Be4 17. b3 Rc2 18. Qd1 Be7 19. a3 Qd5 20. b4 a5 21.
bxa5 bxa5 22. Rc1 Qa2 23. Rxc2 Bxc2 24. Qe2 O-O 25. O-O b4 26. axb4 Bxb4 27.
Rc1 Rc8 28. d5 Qb2 29. e4 f6 30. Bd2 Kf7 31. Bf4 a4 32. Qa6 1-0

[Event "ODJM B 2014"]
[Site "Magdeburg GER"]
[Date "2014.06.10"]
[Round "5"]
[White "Gutschenreiter, Donato"]
[Black "Maar, Patricia"]
[Result "1-0"]
[Termination "normal"]
[Board "18"]
[WhiteElo "1362"]
[BlackElo "1093"]
[PlyCount "83"]
[WhiteFideId "12975540"]
[BlackFideId "12952630"]
[EventCountry "GER"]
[EventRounds "9"]
[EventType "swiss"]
[EventDate "2014.06.07"]

1. e4 e6 2. d4 d5 3. Nd2 c5 4. exd5 exd5 5. Bb5+ Bd7 6. Qe2+ Be7 7. dxc5 Nc6 8.
Nb3 Nf6 9. Be3 O-O 10. h3 b6 11. cxb6 axb6 12. Nf3 Qc8 13. Bxb6 Bb4+ 14. c3 Re8
15. Be3 Bd6 16. Bxc6 Bxc6 17. O-O Bf4 18. Qd3 Bxe3 19. fxe3 Rb8 20. Qc2 Rxe3
21. Ng5 Rg3 22. Rxf6 Rxg5 23. Rf2 Qxh3 24. Nd4 Rc8 25. Rf5 Rg4 26. Raf1 Rc7 27.
Nxc6 Rxc6 28. Rxf7 Rf6 29. R7xf6 gxf6 30. Qe2 Re4 31. Qxe4 Qd7 32. Qe3 Qf7 33.
Re1 Kf8 34. Qc5+ Kg8 35. Re7 Qf8 36. Qxd5+ Kh8 37. Qd7 h6 38. Re8 Kg8 39. Rxf8+
Kxf8 40. a4 Kg8 41. a5 Kf8 42. a6 1-0